00346nam a2200121Ia 4500008004100000041000800041082001400049100001900063245004400082260005400126300003300180365001100213240624s9999 xx 000 0 und d aeng a658.8 THO aTHOMASSEN LARS aRETAILIZATION BRAND SURVIVAL IN THE AGE c2006aNew DelhibKogan Page India Private limited axviii, : 221 : p. : cm. ; 23 cRSb33